000 00502nam a2200205Ia 4500
003 GCL
008 140319s9999 xx 000 0 eng d
040 _aGCL /
_cGCL
082 0 4 _aCH
_b411
_bP W
100 1 _aPINDER, BRENDA
245 1 0 _aWRITING FOR CHILDREN /
_cPINDER, BRENDA
260 _a[S.N] :
_bLONGMAN ،
_c1992
300 _a48 P
650 0 4 _aWRITING - CHILDREN
650 0 4 _aCHILDREN
650 0 4 _aWRITING
650 0 4 _aLINGUISTICS
650 0 4 _aENGLISH LANGUAGE
942 _2ddc
_cBK
999 _c14716
_d14716